[Event "Challenge"]
[Site "http://www.queenalice.com/game.php?id=1845290"]
[Date "2024.10.13"]
[Round "-"]
[White "jogo"]
[Black "MHRangel"]
[Result "0-1"]
[WhiteElo "1749"]
[BlackElo "1875"]

1. e4 c5 2. Nf3 Nc6 3. c3 e5 4. d4 cxd4 5. cxd4 exd4 6. Nxd4 Bb4+ 7. Bd2 Bxd2+
8. Qxd2 Qe7 9. Nb5 Qxe4+ 10. Qe2 Qxe2+ 11. Bxe2 Kd8 12. N1c3 Nf6 13. O-O-O a6
14. Nd6 Kc7 15. Nxf7 Rf8 16. Nd6 Ne5 17. f4 Nc6 18. g4 h6 19. Nde4 Nxe4 20. Nxe4
Rxf4 21. Nc3 d6 22. h3 Be6 23. Rhf1 Rxf1 24. Bxf1 Rf8 25. Ne4 d5 26. Nc5 Bg8 27.
Bg2 d4 28. Re1 Bxa2 29. Ne6+ Bxe6 30. Rxe6 Kd7 31. h4 Kxe6 0-1

[Event "Challenge"]
[Site "http://www.queenalice.com/game.php?id=1846746"]
[Date "2024.11.6"]
[Round "-"]
[White "jogo"]
[Black "MHRangel"]
[Result "0-1"]
[WhiteElo "1927"]
[BlackElo "1824"]

1. e4 c5 2. Nf3 Nc6 3. d4 cxd4 4. Nxd4 e5 5. Nf3 Qa5+ 6. Bd2 Qb6 7. a3 Qxb2 8.
Bc3 Qb6 9. Nxe5 Nxe5 10. Bxe5 Qa5+ 11. Bc3 Qb6 12. Bc4 Qg6 13. g3 Bc5 14. f4
Qxe4+ 15. Qe2 Qxe2+ 16. Kxe2 Nf6 17. Be5 O-O 18. Nd2 d5 19. Bd3 Bg4+ 20. Nf3 a6
21. Rhf1 Nd7 22. Bb2 Rfe8+ 23. Kd2 Be3+ 24. Kc3 d4+ 25. Kb3 Be6+ 26. Bc4 Bxc4+
27. Kxc4 Rac8+ 28. Kd3 Nc5+ 29. Kc4 Na4+ 30. Kb3 b5 31. Bxd4 Bxd4 32. Nxd4 Red8
33. Ne2 Rd2 34. Nc1 Rdxc2 35. Rb1 a5 36. Na2 Rxh2 37. Rbc1 Nc5+ 38. Kc3 Rxa2 39.
Ra1 Rxa1 40. Rxa1 Ne4+ 41. Kd3 Nxg3 42. Rb1 Rb8 43. Rg1 Nf5 44. Kc3 g6 45. Rh1
h5 46. Kb3 h4 47. Kc3 Kh7 48. Kb3 Kh6 49. Kc3 Kh5 50. Rg1 h3 51. Kd2 Kh4 52. Ke2
h2 53. Rd1 Ng3+ 0-1

[Event "Challenge"]
[Site "http://www.queenalice.com/game.php?id=1846747"]
[Date "2024.11.6"]
[Round "-"]
[White "MHRangel"]
[Black "jogo"]
[Result "0-1"]
[WhiteElo "1837"]
[BlackElo "1939"]

1. d4 Nf6 2. c4 g6 3. Nc3 d5 4. e3 Bg7 5. Nf3 O-O 6. Be2 c6 7. O-O Re8 8. c5 Bg4
9. Ne5 Bxe2 10. Qxe2 Nbd7 11. b4 Nxe5 12. dxe5 Nd7 13. Nd1 Bxe5 14. Bb2 Bxb2 15.
Qxb2 e5 16. a4 Nf6 17. b5 Ne4 18. Qc1 Re6 19. f3 Nf6 20. Nf2 Rc8 21. Rb1 Qa5 22.
Qc2 cxb5 23. axb5 Qc7 24. Nd3 e4 25. Nf4 Ree8 26. b6 axb6 27. Rxb6 Qxb6 28. cxb6
Rxc2 29. Nd3 exd3 30. Rd1 Rxe3 31. h3 Rb2 32. Kf1 Rxb6 33. Kf2 d4 34. Kg3 Rb2
35. h4 Nh5+ 36. Kh3 Nf4+ 37. Kg3 Nxg2 0-1

[Event "Challenge"]
[Site "http://www.queenalice.com/game.php?id=1846893"]
[Date "2024.11.8"]
[Round "-"]
[White "jogo"]
[Black "MHRangel"]
[Result "1-0"]
[WhiteElo "1996"]
[BlackElo "1847"]

1. e4 c5 2. Nf3 Qc7 3. d4 cxd4 4. Qxd4 Nc6 5. Qe3 e5 6. a3 Nd4 7. Nxd4 exd4 8.
Qxd4 Bc5 9. Qxg7 Bf8 10. Qxh8 Qa5+ 11. Nc3 Ne7 12. Bc4 Qh5 13. Be2 Qg6 14. Qd4
Bg7 15. Qd3 Qxg2 16. Bf3 Qg6 17. Nb5 Qb6 18. Be3 Qa5+ 19. b4 Qd8 20. O-O-O Be5
21. Bd4 Bf4+ 22. Kb1 a6 23. Nc3 d6 24. Nd5 Be5 25. Bxe5 Nxd5 26. Qxd5 Ra7 27.
Bxd6 Be6 28. Qd4 b6 29. Qh8+ 1-0

[Event "Challenge"]
[Site "http://www.queenalice.com/game.php?id=1846894"]
[Date "2024.11.8"]
[Round "-"]
[White "MHRangel"]
[Black "jogo"]
[Result "0-1"]
[WhiteElo "1831"]
[BlackElo "1897"]

1. d4 Nf6 2. c4 g6 3. Nc3 d5 4. Bg5 Bg7 5. e3 Bg4 6. Be2 Bxe2 7. Ngxe2 c6 8. Qa4
O-O 9. Bxf6 Bxf6 10. O-O dxc4 11. Qxc4 b5 12. Qb3 a5 13. a4 b4 14. Ne4 Bg7 15.
Rac1 Qd5 16. Qxd5 cxd5 17. Nd2 Nd7 18. Rc7 Rfd8 19. Nf4 e6 20. Nb3 Nb6 21. Nc5
Bf8 22. Ncxe6 fxe6 23. Nxe6 Re8 24. Ng5 h6 25. Nf7 Re7 26. Nxh6+ Kh7 27. Rxe7+
Bxe7 28. Nf7 Kg7 29. Ne5 Rc8 30. b3 Bd6 31. Rb1 Bxe5 32. dxe5 Kf7 33. f4 Rc3 34.
Kf2 Nd7 35. Kf3 Nc5 36. g4 Nxb3 37. Rd1 d4 38. Ke4 Rxe3+ 39. Kd5 Ke7 40. f5 gxf5
41. gxf5 Rc3 42. f6+ Kf7 43. Rg1 Kf8 44. e6 Rc5+ 45. Kd6 Rf5 46. e7+ Kf7 47.
Rg7+ Kxf6 48. e8=Q Kxg7 49. Qe7+ Rf7 50. Qe3 dxe3 0-1

[Event "AUTO-ADV-4826"]
[Site "http://www.queenalice.com/game.php?id=1847328"]
[Date "2024.11.18"]
[Round "1"]
[White "MHRangel"]
[Black "mvson33"]
[Result "1-0"]
[WhiteElo "1822"]
[BlackElo "1760"]

1. d4 d5 2. c4 Nf6 3. Nc3 e6 4. g3 Be7 5. Bg2 O-O 6. c5 Nc6 7. e3 b6 8. Nf3 Bb7
9. a3 bxc5 10. O-O cxd4 11. exd4 Rb8 12. b4 a6 13. b5 axb5 14. Nxb5 Ra8 15. a4
Nb4 16. Ba3 Bc6 17. Nc3 Bb7 18. Rb1 c5 19. dxc5 Bxc5 20. Bxb4 Bxb4 21. Rxb4 Rb8
22. Qb1 Ba6 23. Rxb8 Qxb8 24. Nb5 Bxb5 25. axb5 Ne4 26. Rc1 Nf6 27. Nd4 Rc8 28.
Nc6 Qb7 29. Na5 Qb8 30. Rxc8+ Qxc8 31. b6 Qb8 32. Nc6 Qb7 33. Nd8 Nd7 34. Nxb7
g6 35. Nd6 Nxb6 36. Qxb6 1-0

[Event "AUTO-ADV-4826"]
[Site "http://www.queenalice.com/game.php?id=1847329"]
[Date "2024.11.18"]
[Round "1"]
[White "mvson33"]
[Black "MHRangel"]
[Result "0-1"]
[WhiteElo "1758"]
[BlackElo "1800"]

1. e4 c5 2. Nf3 Nc6 3. Bc4 e6 4. O-O d5 5. exd5 exd5 6. Be2 Nf6 7. d4 c4 8. Bg5
Be7 9. c3 O-O 10. Nbd2 Ne4 11. Bxe7 Qxe7 12. Re1 Bg4 13. Qc2 Qf6 14. Nxe4 dxe4
15. Qxe4 Bf5 16. Qe3 Rfe8 17. Qd2 Be6 18. Rad1 Bd5 19. Qc2 b5 20. Qd2 a5 21. Ne5
a4 22. Nxc6 Qxc6 23. Qg5 h6 24. Qd2 Bxg2 25. f3 Bxf3 26. Bxf3 Qxf3 27. Rxe8+
Rxe8 28. Rf1 Re2 29. Rxf3 Rxd2 30. Rf2 Rd1+ 31. Kg2 g6 32. Kf3 a3 33. bxa3 Rd3+
34. Kg2 Rxc3 35. Rd2 Rxa3 36. Rc2 c3 37. Kf2 b4 38. d5 b3 39. axb3 Rxb3 40. Ke3
Rb2 41. Rxc3 Rxh2 42. d6 Rh3+ 43. Kd2 Rxc3 44. Kxc3 Kf8 45. Kc4 Ke8 46. Kc5 Kd7
47. Kd5 h5 0-1

[Event "AUTO-ADV-4826"]
[Site "http://www.queenalice.com/game.php?id=1847330"]
[Date "2024.11.18"]
[Round "1"]
[White "MHRangel"]
[Black "ALDROB"]
[Result "1-0"]
[WhiteElo "1808"]
[BlackElo "1758"]

1. d4 Nf6 2. c4 g6 3. Nc3 Bg7 4. e4 d6 5. Nf3 O-O 6. Bd3 Bg4 7. O-O Nc6 8. Be2
Re8 9. h3 Bd7 10. a3 a6 11. Bf4 Nh5 12. Bh2 f5 13. e5 dxe5 14. dxe5 f4 15. Qd5+
e6 16. Qe4 Rb8 17. Bxf4 Nxf4 18. Qxf4 Rf8 19. Qe3 Na5 20. c5 b5 21. b4 Nb7 22.
a4 bxa4 23. Bxa6 Bc6 24. Nd4 Bd7 25. c6 Bc8 26. Ncb5 Nc5 27. Bxc8 Rxc8 28. bxc5
Ra8 29. Nxe6 Qd5 30. Nexc7 Qxe5 31. Nxa8 Qxe3 32. fxe3 Bxa1 33. Rxf8+ Kxf8 34.
c7 1-0

[Event "AUTO-ADV-4826"]
[Site "http://www.queenalice.com/game.php?id=1847331"]
[Date "2024.11.18"]
[Round "1"]
[White "ALDROB"]
[Black "MHRangel"]
[Result "0-1"]
[WhiteElo "1754"]
[BlackElo "1794"]

1. e4 c5 2. Nf3 e6 3. Bc4 d5 4. exd5 exd5 5. Qe2+ Be7 6. Bb5+ Bd7 7. Nc3 a6 8.
Bxd7+ Nxd7 9. Nxd5 Ngf6 10. Nxf6+ Nxf6 11. O-O O-O 12. d3 Re8 13. Be3 Nd5 14. c4
Nxe3 15. fxe3 Bf6 16. Kf2 Qb6 17. a4 Qb3 18. Rab1 b5 19. axb5 axb5 20. Rfc1 Ra2
21. d4 cxd4 22. cxb5 dxe3+ 23. Kg1 h6 24. Kf1 Rd8 25. g4 g6 26. h4 Bxh4 27. Rc3
Qe6 28. Rxe3 Qxg4 29. Ne5 Qf5+ 30. Rf3 Qxb1+ 0-1

[Event "AUTO-ADV-4837"]
[Site "http://www.queenalice.com/game.php?id=1849889"]
[Date "2025.1.5"]
[Round "1"]
[White "MHRangel"]
[Black "Connor"]
[Result "0-1"]
[WhiteElo "1837"]
[BlackElo "1879"]

1. d4 d5 2. c4 dxc4 3. e3 e6 4. Bxc4 Nf6 5. Nf3 Be7 6. O-O O-O 7. Nc3 a6 8. a3
Nbd7 9. Ne5 Nb6 10. b4 Nxc4 11. Nxc4 b5 12. Ne5 Bb7 13. f3 Nd5 14. Nxd5 Bxd5 15.
e4 Bb7 16. Be3 Bg5 17. f4 Bf6 18. Ng4 Bxe4 19. Rc1 c6 20. Nf2 Bd5 21. Ng4 a5 22.
Qd3 Bc4 23. Qe4 Bxf1 24. Kxf1 Rc8 25. bxa5 Qxa5 26. Nxf6+ gxf6 27. Qd3 Qd8 28.
Bd2 f5 29. Bb4 Re8 30. Bc5 Qh4 31. Qe3 Qxh2 32. Kf2 Kh8 33. Qe5+ Kg8 34. Qf6
Qxf4+ 35. Ke2 Qxc1 36. Bd6 e5 37. Bxe5 Rxe5+ 38. dxe5 Qxa3 39. Qg5+ Kf8 40. Qf6
Qa6 41. e6 Qb7 42. Qh8+ Ke7 43. Qxh7 Kxe6 44. Qh6+ Kd5 45. Qd2+ Kc5 46. Qe3+ Kd6
47. Qd3+ Kc7 48. Qg3+ Kb6 49. Qf2+ c5 50. g3 Qe4+ 51. Kf1 Rh8 0-1

[Event "AUTO-ADV-4837"]
[Site "http://www.queenalice.com/game.php?id=1849890"]
[Date "2025.1.5"]
[Round "1"]
[White "Connor"]
[Black "MHRangel"]
[Result "1/2-1/2"]
[WhiteElo "1871"]
[BlackElo "1836"]

1. d4 d5 2. e3 Nf6 3. Nf3 Bg4 4. c4 e6 5. Nc3 Bb4 6. Bd2 O-O 7. cxd5 Bxc3 8.
Bxc3 Nxd5 9. Be2 b6 10. Bd2 Nd7 11. a3 c5 12. dxc5 Nxc5 13. O-O Bf5 14. Nd4 Qf6
15. Nxf5 Qxf5 16. Bb4 Rfc8 17. Bxc5 bxc5 18. Bc4 Nb6 19. Be2 Qe5 20. Rb1 Nd5 21.
g3 Rab8 22. Qa4 Rxb2 23. Rxb2 Qxb2 24. Bf3 Qb6 25. Rd1 Rd8 26. Qc4 Nxe3 27.
Rxd8+ Qxd8 28. fxe3 Qa5 29. a4 Qe1+ 30. Qf1 Qxe3+ 31. Qf2 Qc1+ 32. Kg2 Qc4 33.
Bc6 Kf8 34. Qd2 g6 35. Qh6+ Kg8 36. Qf4 Qc2+ 37. Qf2 Qc3 38. Be8 f5 39. Qa2 Qe3
40. Bd7 Qe4+ 41. Kh3 Qg4+ 42. Kg2 Qe4+ 43. Kh3 Qg4+ 44. Kg2 Qe4+ 1/2-1/2

[Event "AUTO-ADV-4837"]
[Site "http://www.queenalice.com/game.php?id=1849891"]
[Date "2025.1.5"]
[Round "1"]
[White "MHRangel"]
[Black "SGF"]
[Result "1-0"]
[WhiteElo "1802"]
[BlackElo "1701"]

1. d4 e6 2. c4 Qf6 3. Nc3 c6 4. Nf3 d6 5. Bg5 Qg6 6. e4 h6 7. Bf4 Nf6 8. Bd3
Qxg2 9. Ke2 Ng4 10. Qg1 Qxg1 11. Rhxg1 h5 12. h3 Nf6 13. e5 dxe5 14. Bxe5 Nfd7
15. Bxg7 Bxg7 16. Rxg7 Nf6 17. Ne5 Rf8 18. f3 Na6 19. a3 c5 20. Nb5 Bd7 21. dxc5
Bxb5 22. cxb5 Nxc5 23. Nxf7 Nxd3 24. Nd6+ Kd8 25. Nxb7+ Kc8 26. b6 Nf4+ 27. Ke3
axb6 28. Nd6+ Kd8 29. Kxf4 Ne8+ 30. Ke5 Nxg7 31. Rf1 Kd7 32. Nc4 b5 33. Nb6+ Kc6
34. Nxa8 Rxa8 35. Kf6 Ra7 36. Rg1 Kd6 37. h4 e5 38. Rxg7 Rxg7 39. Kxg7 Kd5 40.
Kg6 Kc4 41. Kxh5 Kb3 42. Kg5 Kxb2 43. h5 Kxa3 44. h6 b4 45. h7 b3 46. h8=Q b2
47. Qa8+ Kb3 48. Qb7+ Kc2 49. Qxb2+ Kd3 50. Qb4 Ke3 51. Qe4+ Kf2 52. Kg4 Kg2 53.
Qe2+ Kh1 54. Kg3 e4 55. Qg2# 1-0

[Event "AUTO-ADV-4837"]
[Site "http://www.queenalice.com/game.php?id=1849892"]
[Date "2025.1.5"]
[Round "1"]
[White "SGF"]
[Black "MHRangel"]
[Result "1-0"]
[WhiteElo "1702"]
[BlackElo "1823"]

1. e4 c5 2. Qf3 a6 3. Bc4 e6 4. d3 Nc6 5. c3 Ne5 6. Qg3 Nxc4 7. dxc4 d6 8. Bg5
Be7 9. Bxe7 Kxe7 10. Qh4+ Nf6 11. Nd2 Qb6 12. b3 e5 13. Ngf3 h6 14. h3 Qc6 15.
g4 g5 16. Nxg5 Be6 17. Ngf3 Rag8 18. a4 Bxg4 19. hxg4 Qe8 20. O-O-O Ke6 21. g5
hxg5 22. Nxg5+ Kd7 23. Qg3 Kc6 24. a5 Nh5 25. Qg4 f6 26. Qe6 fxg5 27. Qd5+ Kc7
28. Nf3 g4 29. Qxd6+ Kc8 30. Qxc5+ Qc6 31. Qxc6+ bxc6 32. Nxe5 Rh6 33. c5 g3 34.
fxg3 Re8 35. Nf7 Rh7 36. Nd6+ Kd7 37. g4 Re5 38. gxh5 Rxc5 39. Kc2 Ke6 40. b4
Re5 41. h6 Rg5 42. Nf5 Ke5 43. Kd3 Rg4 44. Rh5 Rg6 45. Ne7+ Kf6 46. Nxg6 Kxg6
47. Rc5 Kxh6 48. Rh1+ Kg6 49. Rxc6+ Kg7 50. Rc7+ 1-0

[Event "AUTO-ADV-4837"]
[Site "http://www.queenalice.com/game.php?id=1849893"]
[Date "2025.1.5"]
[Round "1"]
[White "MHRangel"]
[Black "Shizumaru_Hisame"]
[Result "1/2-1/2"]
[WhiteElo "1852"]
[BlackElo "1833"]

1. d4 e6 2. c4 Nf6 3. Nf3 d5 4. e3 Bd7 5. Be2 Bc6 6. O-O Nbd7 7. Nc3 Bd6 8. Bd3
dxc4 9. Bxc4 Qe7 10. e4 Bxe4 11. Nxe4 Nxe4 12. d5 Nec5 13. b4 Ne4 14. b5 O-O-O
15. Qa4 Kb8 16. Be3 Bc5 17. dxe6 Bxe3 18. fxe3 Qc5 19. Nd4 fxe6 20. Bxe6 Nc3 21.
Qb3 Ne4 22. Qc4 Qxc4 23. Bxc4 g5 24. a4 h5 25. a5 g4 26. Ne6 Rde8 27. Bd5 Nd6
28. Rac1 Nxb5 29. a6 bxa6 30. Nc5 Nxc5 31. Rxc5 Rxe3 32. Rf5 h4 33. Bc6 g3 34.
hxg3 hxg3 35. Rc1 Nd4 36. Rb1+ Kc8 37. Bb7+ Kb8 38. Bxa6+ Ka8 39. Bb7+ Kb8 40.
Ba6+ Ka8 41. Rg5 Rhe8 42. Bb7+ Kb8 43. Bc6+ Kc8 44. Bxe8 Rxe8 45. Rg4 Nf5 46.
Kf1 Ne3+ 47. Ke2 Nxg4+ 48. Kf3 Ne3 49. Kxg3 Nxg2 50. Kxg2 Re7 51. Kf3 c5 52. Rb5
Rc7 53. Ke4 c4 54. Rb1 c3 55. Kd3 c2 56. Rc1 Kb7 57. Rxc2 Rxc2 58. Kxc2 Kb6 59.
Kb3 Kb5 60. Ka3 a5 61. Kb3 a4+ 62. Ka3 Ka5 63. Kb2 Kb4 64. Ka2 a3 65. Kb1 Kc3
66. Ka2 Kb4 67. Kb1 Kb3 68. Ka1 a2 1/2-1/2

[Event "AUTO-ADV-4837"]
[Site "http://www.queenalice.com/game.php?id=1849894"]
[Date "2025.1.5"]
[Round "1"]
[White "Shizumaru_Hisame"]
[Black "MHRangel"]
[Result "0-1"]
[WhiteElo "1857"]
[BlackElo "1838"]

1. e4 c5 2. Bc4 e6 3. d4 d5 4. exd5 exd5 5. Bb3 c4 6. Ba4+ Nc6 7. Nc3 Be6 8. a3
Be7 9. Bf4 Nf6 10. Qe2 Qb6 11. O-O-O O-O 12. Be3 a6 13. Nb1 Na5 14. Nd2 Ng4 15.
c3 Qc7 16. h4 Nxe3 17. Qxe3 b5 18. Bc2 Qd8 19. h5 Bg5 20. f4 Bg4 21. Rf1 Bf6 22.
h6 g6 23. f5 Bg5 24. Qe5 Bf6 25. Qg3 Bxf5 26. Rxf5 Kh8 27. Rf1 Bg5 28. Nf3 Bxd2+
29. Nxd2 Nb7 30. Qe5+ f6 31. Qh2 Nd6 32. g4 g5 33. Re1 a5 34. Rhf1 b4 35. Re6
Nb5 36. a4 bxc3 37. axb5 cxd2+ 38. Kxd2 Rb8 39. Ba4 Kg8 40. Rd6 Qe7 41. Rxd5
Qb4+ 42. Ke3 Qxa4 43. Rxf6 Qb3+ 44. Ke4 Qd3+ 45. Ke5 Rbe8+ 46. Kd6 Rxf6+ 47. Kd7
Qg6 48. Rf5 Qf7# 0-1

[Event "AUTO-ADV-4847"]
[Site "http://www.queenalice.com/game.php?id=1852152"]
[Date "2025.2.15"]
[Round "1"]
[White "MHRangel"]
[Black "Canaye14"]
[Result "0-1"]
[WhiteElo "1814"]
[BlackElo "1863"]

1. d4 e6 2. c4 d5 3. cxd5 exd5 4. Nc3 Bb4 5. Nf3 Ne7 6. Bg5 h6 7. Qa4+ Nbc6 8.
Bxe7 Qxe7 9. e3 O-O 10. Bb5 Bxc3+ 11. bxc3 Bd7 12. O-O a6 13. Bxc6 Bxc6 14. Qb3
Rfe8 15. Rfe1 Qf6 16. Ne5 Rxe5 17. dxe5 Qxe5 18. Rad1 Re8 19. Rd4 Qg5 20. Qc2
Bd7 21. a4 Bh3 22. g3 Qf6 23. Rxd5 Qf3 0-1

[Event "AUTO-ADV-4847"]
[Site "http://www.queenalice.com/game.php?id=1852153"]
[Date "2025.2.15"]
[Round "1"]
[White "Canaye14"]
[Black "MHRangel"]
[Result "0-1"]
[WhiteElo "1928"]
[BlackElo "1833"]

1. d4 e5 2. dxe5 Nc6 3. Nf3 Bb4+ 4. Nc3 Bxc3+ 5. bxc3 Nge7 6. e3 O-O 7. Bb2 d6
8. exd6 Qxd6 9. Be2 Qxd1+ 10. Rxd1 a6 11. O-O Bg4 12. h3 Bh5 13. Rd7 Rac8 14.
Rfd1 f5 15. Nd4 Bxe2 16. Nxe2 Rcd8 17. Ba3 Kf7 18. Nf4 g5 19. Ne2 Rfe8 20. Rxd8
Rxd8 21. Nd4 Rd5 22. Kf1 Nxd4 23. cxd4 Ra5 24. Rd3 Nd5 25. c4 Nb6 26. c5 Nc4 27.
c6 b6 28. Bb4 Rxa2 29. d5 a5 30. Bc3 Rc2 31. Bh8 Nd2+ 32. Ke1 Ne4 33. Be5 Nd6
34. Kd1 Rc5 35. Bxd6 cxd6 36. f3 Kf6 37. e4 f4 38. Rb3 b5 39. Kd2 a4 40. Rb4 h5
41. Kd3 Ke5 42. c7 Rxc7 43. Rxb5 Ra7 44. Rb2 a3 45. Ra2 g4 46. Kc3 Ra4 47. Kb3
Rd4 48. Rxa3 gxf3 49. gxf3 Rd3+ 50. Kb4 Rxa3 51. Kxa3 Kd4 52. Kb3 Ke3 53. Kc4
Kxf3 54. e5 Kg3 55. e6 f3 56. e7 f2 57. e8=Q f1=Q+ 58. Kb3 Qxh3 59. Qg8+ Kh4+
60. Ka4 Qg4+ 61. Qxg4+ hxg4 0-1

[Event "AUTO-ADV-4847"]
[Site "http://www.queenalice.com/game.php?id=1852154"]
[Date "2025.2.15"]
[Round "1"]
[White "MHRangel"]
[Black "SGF"]
[Result "0-1"]
[WhiteElo "1855"]
[BlackElo "1707"]

1. d4 d5 2. c4 e6 3. cxd5 Qxd5 4. Nf3 f6 5. Nc3 Qc6 6. e3 Bb4 7. Bb5 Bxc3+ 8.
bxc3 Qxb5 9. Nd2 b6 10. c4 Qb4 11. O-O Ba6 12. a3 Qa5 13. Nb3 Qg5 14. Qf3 c6 15.
e4 Qg6 16. Qd3 Ne7 17. a4 O-O 18. Bf4 Nd7 19. Bd6 Rfe8 20. Rfe1 Rad8 21. Qc3 h5
22. a5 bxa5 23. Rxa5 Nb8 24. Bxb8 Rxb8 25. Rxa6 Rb7 26. Nc5 Rb6 27. Rxa7 h4 28.
Nxe6 Nc8 29. Nxg7 Rxe4 30. Raa1 Kxg7 31. d5 Rxe1+ 32. Rxe1 cxd5 33. cxd5 h3 34.
Qc7+ Kh6 35. Qf4+ Kg7 36. Qg3 Qxg3 37. fxg3 hxg2 38. Kxg2 Kf7 39. h4 Ne7 40. Rd1
Rd6 41. g4 Nxd5 42. Kf3 Kg6 43. Ke4 Nc3+ 44. Kf4 Rxd1 45. h5+ Kh6 46. Kf5 Rf1+
47. Ke6 Ne4 48. Kd5 Nf2 0-1

[Event "AUTO-ADV-4847"]
[Site "http://www.queenalice.com/game.php?id=1852155"]
[Date "2025.2.15"]
[Round "1"]
[White "SGF"]
[Black "MHRangel"]
[Result "0-1"]
[WhiteElo "1689"]
[BlackElo "1814"]

1. e4 b6 2. Qf3 Bb7 3. Bc4 e6 4. d3 Nf6 5. Bg5 Be7 6. Bxf6 Bxf6 7. c3 O-O 8. Ne2
Nc6 9. b4 Ne5 10. Qg3 Nxc4 11. dxc4 Bxe4 12. O-O a5 13. b5 c6 14. Nf4 Bh4 15.
Qe3 d5 16. bxc6 Bg5 17. g3 Qc7 18. cxd5 exd5 19. Nd2 Qxc6 20. h4 Bf6 21. c4 Bxa1
22. Rxa1 Rfe8 23. Nxe4 Rxe4 24. cxd5 Rxe3 25. fxe3 Qc3 26. Kf2 Qxa1 27. Kf3 Rd8
28. Kg4 Qe5 29. Kf3 h6 30. h5 Rxd5 31. Nxd5 Qxd5+ 32. e4 Qxa2 33. g4 Qc4 34. Kf4
a4 35. Kf5 a3 36. e5 a2 37. g5 a1=R 38. g6 Rf1# 0-1

[Event "AUTO-ADV-4847"]
[Site "http://www.queenalice.com/game.php?id=1852156"]
[Date "2025.2.15"]
[Round "1"]
[White "MHRangel"]
[Black "EdsonEstevam"]
[Result "1-0"]
[WhiteElo "1825"]
[BlackElo "1739"]

1. d4 d5 2. c4 c6 3. cxd5 cxd5 4. Nc3 Nf6 5. Bg5 e6 6. Bxf6 Qxf6 7. e3 Nd7 8.
Bb5 Bb4 9. Ne2 O-O 10. O-O Qg5 11. f4 Qh5 12. Ng3 Qxd1 13. Rfxd1 Nb6 14. a3 Bxc3
15. bxc3 a6 16. Bd3 Re8 17. a4 a5 18. Bb5 Rd8 19. Rdc1 Bd7 20. Bd3 Bxa4 21. Rcb1
Rd6 22. e4 e5 23. fxe5 Rc6 24. exd5 Rxc3 25. Rxb6 Rxd3 26. Rxa4 Rc8 27. Rb1 b6
28. d6 b5 29. Rxa5 h6 30. Nf5 Rd2 31. Ne7+ 1-0

[Event "AUTO-ADV-4847"]
[Site "http://www.queenalice.com/game.php?id=1852157"]
[Date "2025.2.15"]
[Round "1"]
[White "EdsonEstevam"]
[Black "MHRangel"]
[Result "0-1"]
[WhiteElo "1750"]
[BlackElo "1853"]

1. e4 c5 2. Bb5 a6 3. Bc4 e6 4. d3 Nf6 5. Nf3 Be7 6. Bg5 O-O 7. Qd2 d5 8. exd5
exd5 9. Bb3 Re8 10. O-O b5 11. a3 Bg4 12. Qd1 Nc6 13. h3 Be6 14. Nbd2 h6 15. Bh4
g5 16. Bg3 c4 17. dxc4 dxc4 18. Ba2 Bf5 19. Re1 Bc5 20. Ne5 Nd4 21. b4 cxb3 22.
cxb3 b4 23. a4 Nc2 24. Nc6 Rxe1+ 25. Qxe1 Nxe1 26. Nxd8 Rxd8 27. Nc4 Nc2 28. Rc1
Nd4 29. Re1 Kg7 30. Be5 Bxh3 31. Bxd4 Rxd4 32. gxh3 Rf4 33. Ne3 Ne4 34. Re2 Nc3
35. Rc2 Bxe3 36. fxe3 Rf3 37. Rb2 Rxe3 38. Kh2 Re2+ 39. Rxe2 Nxe2 40. Bb1 Nd4
41. Bd3 Nxb3 42. Bxa6 Na5 43. Bd3 h5 44. Kg3 b3 45. Bf5 Kf6 46. Bh7 b2 47. Bd3
Ke5 48. Kf3 f5 49. Ke3 h4 50. Bc2 g4 0-1

[Event "AUTO-ADV-4826"]
[Site "http://www.queenalice.com/game.php?id=1853520"]
[Date "2025.3.8"]
[Round "2"]
[White "Capixaba789"]
[Black "MHRangel"]
[Result "1-0"]
[WhiteElo "1900"]
[BlackElo "1851"]

1. d4 e5 2. dxe5 Nc6 3. Nf3 Qe7 4. Nc3 Nxe5 5. e3 b6 6. Be2 Bb7 7. O-O g6 8.
Nxe5 Qxe5 9. f4 Qc5 10. Bf3 O-O-O 11. a4 d5 12. Nb5 Kb8 13. Bd2 a6 14. Nd4 Bg7
15. c3 Ne7 16. Kh1 Qd6 17. b4 Bxd4 18. cxd4 Nf5 19. Rb1 h6 20. a5 g5 21. axb6
cxb6 22. Be2 gxf4 23. Rxf4 Bc8 24. Qf1 b5 25. Rxf5 Bxf5 26. Bxb5 axb5 27. Qxb5+
Kc7 28. Rc1+ 1-0

[Event "AUTO-ADV-4826"]
[Site "http://www.queenalice.com/game.php?id=1853521"]
[Date "2025.3.8"]
[Round "2"]
[White "MHRangel"]
[Black "Capixaba789"]
[Result "1-0"]
[WhiteElo "1837"]
[BlackElo "1922"]

1. d4 e5 2. dxe5 Bc5 3. Nf3 d6 4. Bg5 Ne7 5. e3 O-O 6. Be2 Nd7 7. O-O Qe8 8.
exd6 Bxd6 9. Nc3 Ng6 10. a3 Nde5 11. b4 Bd7 12. Ne4 Nxf3+ 13. Bxf3 Qe5 14. Nxd6
cxd6 15. Bf4 Nxf4 16. exf4 Qxf4 17. Bxb7 Rab8 18. Bd5 Rfe8 19. c4 Re5 20. Qf3
Qxf3 21. Bxf3 Bf5 22. Rfd1 Re6 23. Bd5 Re7 24. c5 dxc5 25. bxc5 h6 26. c6 Rc7
27. h3 a5 28. g4 Bg6 29. f4 Bc2 30. Rdc1 Rb2 31. Re1 Kf8 32. Re2 Rb1+ 33. Rxb1
Bxb1 34. Rb2 Bd3 35. Rb7 1-0